MLA handbook for writers of research papers /
The revisions in the sixth edition of the MLA Handbook focus on the areas of greatest concern to students undertaking research projects today. Besides fresh citation examples, updated lists of reference works, and an improved typographic design, the new edition offers the following changes: A chapte...
| Main Author: | |
|---|---|
| Corporate Author: | |
| Format: | Book |
| Language: | English |
| Language Notes: | English. |
| Published: |
New York :
Modern Language Association of America,
2003.
|
| Edition: | 6th ed. |
| Subjects: | |
| Online Access: | Notice et cote du catalogue de la Bibliothèque nationale de France Cover image |
MARC
| Tag | First Indicator | Second Indicator | Subfields |
|---|---|---|---|
| LEADER | 00000cam a2200000 i 4500 | ||
| 001 | in00004808313 | ||
| 008 | 021230s2003 nyua bf 001 0 eng | ||
| 005 | 20240807184041.1 | ||
| 010 | |a 2002156363 | ||
| 035 | |a (OCoLC)ocm51305723 | ||
| 040 | |a DLC |b eng |e rda |c DLC |d SIN |d C#P |d JDR |d WSL |d COU |d BAKER |d NLGGC |d NLC |d YDXCP |d BTCTA |d KEC |d TXJ |d MPA |d KAAUA |d HEBIS |d DEBBG |d FYQ |d TULIB |d OCLCO |d OCLCQ |d OCLCF |d OCLCQ |d OCLCO |d OCL |d CNC |d TXBXL |d YU7 |d OCLCQ |d GZN |d MNA |d OCLCO |d OCL |d DGU |d ALJVP |d OCLCO |d WUT |d HN# |d TAJ |d UAB |d UBA |d Q3H |d Q3A |d UQ1 |d BDF |d TAMSA |d CUK |d YXV |d LRP |d OCLCO |d QE2 |d G3T |d TFW |d CSA |d CD5 |d ILM |d OCLCQ |d ALRPT |d CSJ |d TY7 |d NJR |d OCLCO |d OCLCQ |d OCLCO |d TYC |d DHA |d MZ3 |d OCLCO |d OCLCQ |d OCLCO |d GILDS |d OCLCQ |d OCLCO |d CNO |d OCLCO |d JVQ |d OCLCO |d CCH |d OCLCO |d GZM |d OCLCO |d OCLCQ |d OCLCO |d WDB |d SNN |d ZAS |d OCLCO |d CPS |d OCLCO |d CSO |d OCLCO |d OCLCQ |d TXLAG |d OCLCQ |d DXU |d OCLCO |d BGU |d OCLCO |d AU@ |d OCLCO |d OCLCQ |d OCLCO |d TCJ |d OCLCO |d WUU |d OCLCQ |d OCLCO |d OCLCQ |d OCLCO |d OCLCA |d OCLCQ |d OCLCA |d L2U |d OCLCO |d OCLCA |d IL4J6 |d GOU |d OCLCA |d AKP |d OCLCO |d NKM |d OCL |d OCLCO |d OCLCL |d OCLCQ |d OCLCL | ||
| 015 | |a 20060114630 |2 can | ||
| 015 | |a 20060114630 evbk.) |2 can | ||
| 016 | |a (AMICUS)000027977989 | ||
| 016 | |a 20060114630 | ||
| 016 | 7 | |a FRBNF390031620000001 |2 FrPBN | |
| 019 | |a 53947946 |a 301811524 |a 731402909 |a 732738752 |a 732918672 |a 732926050 |a 1008161516 |a 1024108895 |a 1058010795 | ||
| 020 | |a 0873529863 |q (pbk. ; |q alk. paper) | ||
| 020 | |a 9780873529860 |q (pbk. ; |q alk. paper) | ||
| 020 | |a 0613684532 |q (hbk.) | ||
| 020 | |a 9780613684538 |q (hbk.) | ||
| 020 | |a 9780873529877 | ||
| 020 | |a 0873529871 | ||
| 020 | |a 9781435298019 | ||
| 020 | |a 1435298012 | ||
| 029 | 1 | |a AU@ |b 000024338484 | |
| 029 | 1 | |a AU@ |b 000025160899 | |
| 029 | 1 | |a AU@ |b 000045565619 | |
| 029 | 1 | |a BDF |b FRBNF390031620000001 | |
| 029 | 1 | |a DEBBG |b BV016439566 | |
| 029 | 1 | |a HEBIS |b 113314310 | |
| 029 | 1 | |a NLC |b 000027977989 | |
| 029 | 1 | |a NLGGC |b 242581617 | |
| 029 | 1 | |a NZ1 |b 7413992 | |
| 029 | 1 | |a NZ1 |b 864847 | |
| 029 | 1 | |a YDXCP |b 1919938 | |
| 029 | 1 | |a ZWZ |b 073952494 | |
| 035 | |a (OCoLC)51305723 |z (OCoLC)53947946 |z (OCoLC)301811524 |z (OCoLC)731402909 |z (OCoLC)732738752 |z (OCoLC)732918672 |z (OCoLC)732926050 |z (OCoLC)1008161516 |z (OCoLC)1024108895 |z (OCoLC)1058010795 | ||
| 050 | 0 | 0 | |a LB2369 |b .G53 2003 |
| 055 | 0 | 0 | |a LB2369 |b G53 2003 |
| 060 | 4 | |a T 11 |b G437mh 2003 | |
| 072 | 7 | |a coll1 |2 lacc | |
| 072 | 7 | |a coll2 |2 lacc | |
| 082 | 0 | 0 | |a 808/.027 |2 21 |
| 084 | |a 02.13 |2 bcl | ||
| 084 | |a cci1icc |2 lacc | ||
| 084 | |a coll1 |2 lacc | ||
| 084 | |a coll2 |2 lacc | ||
| 084 | |a AK 39580 |2 rvk | ||
| 084 | |a HD 270 |2 rvk | ||
| 088 | |a NPT 1/2005 | ||
| 049 | |a MAIN | ||
| 100 | 1 | |a Gibaldi, Joseph, |d 1942- |1 https://id.oclc.org/worldcat/entity/E39PCjBfVWfjmWVr9G3Pvyk343 |0 http://id.loc.gov/authorities/names/n79104238, |e author | |
| 245 | 1 | 0 | |a MLA handbook for writers of research papers / |c Joseph Gibaldi. |
| 250 | |a 6th ed. | ||
| 264 | 1 | |a New York : |b Modern Language Association of America, |c 2003. | |
| 300 | |a xvii, 361 pages : |b illustrations ; |c 23 cm | ||
| 336 | |a text |b txt |2 rdacontent | ||
| 337 | |a unmediated |b n |2 rdamedia | ||
| 338 | |a volume |b nc |2 rdacarrier | ||
| 504 | |a Includes bibliographical references and index. | ||
| 505 | 0 | |a Research and writing -- Plagiarism -- The mechanics of writing -- The format of the research paper -- Documentation: preparing the list of works cited -- Documentation: citing sources in the text -- Abbreviations -- Appendixes: Selected reference works by field; Other systems of documentation. | |
| 520 | |a The revisions in the sixth edition of the MLA Handbook focus on the areas of greatest concern to students undertaking research projects today. Besides fresh citation examples, updated lists of reference works, and an improved typographic design, the new edition offers the following changes: A chapter on plagiarism explains what this offense is, why it should be taken seriously, and how good research practices prevent unintentional plagiarizing. Two dozen new annotated illustrations demonstrate how actual print and electronic sources are treated in research and documentation. Expanded, updated guidelines clarify the use and citation of online materials, including articles from subscription databases like EBSCO. The MLA documentation formats have not been changed in the sixth edition, but many guidelines have been added or refined. | ||
| 546 | |a English. | ||
| 590 | |b TAG Physical Holdings 2 | ||
| 650 | 0 | |a Report writing |v Handbooks, manuals, etc. | |
| 650 | 0 | |a Research |v Handbooks, manuals, etc. | |
| 650 | 0 | |a Research. |0 http://id.loc.gov/authorities/subjects/sh85113021 | |
| 650 | 0 | |a Abbreviations. |0 http://id.loc.gov/authorities/subjects/sh85000072 | |
| 650 | 0 | |a Plagiarism. |0 http://id.loc.gov/authorities/subjects/sh85102580 | |
| 650 | 1 | |a Research |v Handbooks, manuals, etc. | |
| 650 | 1 | 2 | |a Research |
| 650 | 1 | 2 | |a Writing |x standards |
| 650 | 2 | |a Bibliographies as Topic | |
| 650 | 2 | |a Abbreviations as Topic | |
| 650 | 2 | 2 | |a Plagiarism |
| 650 | 6 | |a Rapports |x Rédaction |v Guides, manuels, etc. | |
| 650 | 6 | |a Recherche |v Guides, manuels, etc. | |
| 650 | 6 | |a Recherche. | |
| 650 | 6 | |a Bibliographie. | |
| 650 | 6 | |a Abréviations. | |
| 650 | 6 | |a Plagiat. | |
| 650 | 7 | |a research (function) |2 aat | |
| 650 | 7 | |a bibliographies. |2 aat | |
| 650 | 7 | |a abbreviations. |2 aat | |
| 650 | 7 | |a plagiarism. |2 aat | |
| 650 | 7 | |a 02.13 practice of science. |0 (NL-LeOCL)077592484 |2 bcl | |
| 650 | 7 | |a Plagiarism |2 fast | |
| 650 | 7 | |a Abbreviations |2 fast | |
| 650 | 7 | |a Report writing |2 fast | |
| 650 | 7 | |a Research |2 fast | |
| 650 | 7 | |a Neuphilologie |2 gnd | |
| 650 | 7 | |a Wissenschaftliches Arbeiten |2 gnd | |
| 650 | 7 | |a Wissenschaftliches Manuskript |2 gnd | |
| 650 | 1 | 7 | |a Wetenschappelijke teksten. |2 gtt |
| 650 | 1 | 7 | |a Schrijven. |2 gtt |
| 650 | 1 | 7 | |a Stijlen. |2 gtt |
| 650 | 7 | |a Escrita. |2 larpcal | |
| 650 | 7 | |a Redação. |2 larpcal | |
| 650 | 7 | |a Metodologia científica. |2 larpcal | |
| 650 | 7 | |a Pesquisa científica. |2 larpcal | |
| 650 | 7 | |a Report writing. |2 nli | |
| 650 | 7 | |a Research |v Handbooks, manuals, etc. |2 nli | |
| 650 | 7 | |a Thèses et écrits académiques |x Manuels d'enseignement. |2 ram | |
| 650 | 7 | |a Anglais (Langue) |2 rasuqam | |
| 650 | 7 | |a Méthodologie. |2 rasuqam | |
| 650 | 1 | 7 | |a Rapport de recherche. |2 rasuqam |
| 650 | 7 | |a Recherche documentaire. |2 rasuqam | |
| 650 | 1 | 7 | |a Rédaction de rapport. |2 rasuqam |
| 650 | 7 | |a Référence bibliographique. |2 rasuqam | |
| 650 | 1 | 7 | |a Technique de rédaction. |2 rasuqam |
| 650 | 7 | |a Report writing |x Handbook, manuals, etc. |2 sears | |
| 650 | 7 | |a Research-handbooks, manuals, etc. |2 sears | |
| 655 | 2 | |a Handbook | |
| 655 | 7 | |a handbooks. |2 aat | |
| 655 | 7 | |a Reference works |2 fast | |
| 655 | 7 | |a Handbooks and manuals |2 fast | |
| 655 | 7 | |a Textbooks (form) |0 (NL-LeOCL)088143252 |2 gtt | |
| 655 | 7 | |a Reference works. |2 lcgft |0 http://id.loc.gov/authorities/genreForms/gf2014026165 | |
| 655 | 7 | |a Handbooks and manuals. |2 lcgft |0 http://id.loc.gov/authorities/genreForms/gf2014026109 | |
| 655 | 7 | |a Guides et manuels. |2 rvmgf | |
| 655 | 7 | |a Ouvrages de référence. |2 rvmgf | |
| 710 | 2 | |a Modern Language Association of America. |0 http://id.loc.gov/authorities/names/n78095369 | |
| 758 | |i has work: |a MLA Handbook for Writers of Research Papers (Text) |1 https://id.oclc.org/worldcat/entity/E39PCGV6FDKhTHmKXWrH3qvMbm |4 https://id.oclc.org/worldcat/ontology/hasWork | ||
| 856 | 4 | 2 | |3 Notice et cote du catalogue de la Bibliothèque nationale de France |u http://catalogue.bnf.fr/ark:/12148/cb390031625 |t 0 |
| 856 | 4 | |3 Cover image |u https://covers.openlibrary.org/b/id/664642-M.jpg |x Open Library 20170316 |t 0 | |
| 938 | |a Baker & Taylor |b BKTY |c 17.50 |d 17.50 |i 0873529863 |n 0004094111 |s active | ||
| 938 | |a Baker & Taylor |b BKTY |c 28.60 |d .00 |i 0613684532 |n 0004338431 |s active | ||
| 938 | |a Baker & Taylor |b BKTY |c 26.50 |d .00 |i 1435298012 |n 0007817940 |s active | ||
| 938 | |a Baker and Taylor |b BTCP |n 2002156363 | ||
| 938 | |a YBP Library Services |b YANK |n 3432990 | ||
| 938 | |a YBP Library Services |b YANK |n 1919938 | ||
| 994 | |a 92 |b TAG | ||
| 852 | |a TAG |b TAGC |c galv,ref |h LB2369 .G53 2003 |t c.1 | ||
| 876 | |c 13.60 |p 33620001081658 |x Acc# 2005-0602 |u noncirc |v unmediated -- volume | ||
| 999 | f | f | |s a3c8b820-9fe2-4919-9b17-0f18a387e41e |i ab370fb4-ba34-4da3-bbf8-49d9af1fad14 |t 0 |
| 952 | f | f | |p noncirc |a Texas A&M University |b Galveston Campus |c Jack K. Williams Library |d Galveston Reference |t 0 |e LB2369 .G53 2003 |h Library of Congress classification |i unmediated -- volume |m 33620001081658 |
| 952 | f | f | |p normal |a Texas A&M University |b Galveston Campus |c Jack K. Williams Library |d Galveston Stacks |t 0 |e LB2369 .G53 2003 |h Library of Congress classification |i unmediated -- volume |m 33620001081674 |
| 998 | f | f | |a LB2369 .G53 2003 |t 0 |l Galveston Reference |
| 998 | f | f | |a LB2369 .G53 2003 |t 0 |l Galveston Stacks |